<?xml version="1.0" encoding="UTF-8"?>
<collection xmlns="http://www.loc.gov/MARC21/slim">
 <record>
  <leader>01408nam a2200229 a 4500</leader>
  <controlfield tag="001">1/35009</controlfield>
  <controlfield tag="008">080702s2005    gr       b    00010 gre  </controlfield>
  <datafield tag="020" ind1=" " ind2=" ">
   <subfield code="a">9600110573</subfield>
  </datafield>
  <datafield tag="035" ind1=" " ind2=" ">
   <subfield code="l">37512</subfield>
  </datafield>
  <datafield tag="040" ind1=" " ind2=" ">
   <subfield code="a">GR-PeUP</subfield>
  </datafield>
  <datafield tag="082" ind1="0" ind2="0">
   <subfield code="a">658.421 ΕΠΙ</subfield>
  </datafield>
  <datafield tag="245" ind1="0" ind2="0">
   <subfield code="a">Επιχειρηματικότητα γυναικών :</subfield>
   <subfield code="b">όψεις ιδιοκτησίας και διοίκησης /</subfield>
   <subfield code="c">Ανθοπούλου Θεοδοσία ... [κ.α.] ; επιμέλεια Μαρία Στρατηγάκη.</subfield>
  </datafield>
  <datafield tag="260" ind1="0" ind2=" ">
   <subfield code="a">Αθήνα :</subfield>
   <subfield code="b">Gutenberg,</subfield>
   <subfield code="c">2005.</subfield>
  </datafield>
  <datafield tag="300" ind1=" " ind2=" ">
   <subfield code="a">207 σ. ;</subfield>
   <subfield code="c">21 εκ.</subfield>
  </datafield>
  <datafield tag="490" ind1="1" ind2=" ">
   <subfield code="a">Βιβλιοθήκη Κοινωνικής Επιστήμης και Κοινωνικής Πολιτικής ;</subfield>
  </datafield>
  <datafield tag="504" ind1=" " ind2=" ">
   <subfield code="a">Περιέχει βιβλιογραφία.</subfield>
  </datafield>
  <datafield tag="650" ind1=" " ind2="4">
   <subfield code="a">Επιχειρηματικότητα.</subfield>
  </datafield>
  <datafield tag="700" ind1="1" ind2=" ">
   <subfield code="a">Στρατηγάκη, Μαρία.</subfield>
  </datafield>
  <datafield tag="700" ind1="1" ind2=" ">
   <subfield code="a">Ανθοπούλου, Θεοδοσία.</subfield>
  </datafield>
  <datafield tag="710" ind1="2" ind2=" ">
   <subfield code="a">Πάντειο Πανεπιστήμιο Κοινωνικών και Πολιτικών Επιστημών.</subfield>
   <subfield code="b">Κέντρο Κοινωνικής Μορφολογίας και Κοινωνικής Πολιτικής.</subfield>
  </datafield>
  <datafield tag="830" ind1=" " ind2=" ">
   <subfield code="a">Βιβλιοθήκη Κοινωνικής Επιστήμης και Κοινωνικής Πολιτικής.</subfield>
  </datafield>
  <datafield tag="852" ind1=" " ind2=" ">
   <subfield code="a">INST</subfield>
   <subfield code="b">UNIPILB</subfield>
   <subfield code="c">MAIN</subfield>
   <subfield code="e">20080702</subfield>
   <subfield code="h">658.421 ΕΠΙ</subfield>
   <subfield code="p">00155752</subfield>
   <subfield code="q">00155752</subfield>
   <subfield code="t">DAILY</subfield>
   <subfield code="y">4</subfield>
   <subfield code="x">20080923</subfield>
   <subfield code="4">1</subfield>
  </datafield>
 </record>
</collection>
